DÜŞÜNCE SİZSİNİZ (Record no. 760065)
[ view plain ]
| 000 -LEADER | |
|---|---|
| sabit uzunluktaki kontrol alanı | 00266nam a2200097Ia 4500 |
| 001 - KONTROL NUMARASI | |
| kontrol alanı | 760065 |
| 005 - EN SON İŞLEMİN TARİH VE ZAMANI | |
| kontrol alanı | 20250826165141.0 |
| 008 - SABİT-UZUNLUKTA VERİ ÖĞELERİ--GENEL BİLGİ | |
| sabit uzunluktaki kontrol alanı | 250824s9999 xx 000 0 und d |
| 245 #0 - ESER / YAZAR | |
| ESER ADI | DÜŞÜNCE SİZSİNİZ |
| Yazar Adı | Yazar Adı Belirtilmemiş |
| 260 ## - YAYIN, DAĞITIM, VB. | |
| YAYIN EVİ | UĞUR BÖCEĞİ YAYINLARI |
| Düşüm durumu | Kayıp durumu | Hasar Durumu | Ödünç verilmez | Ana kütüphane | Geçerli Kütüphane | Edinilen tarih | Toplam ödünç verme sayısı | Barkod | İade tarihi | Son görüntüleme tarihi | Son ödünç verme tarihi | Fiyatın geçerli olmaya başladığı tarih | Koha materyal türü |
|---|---|---|---|---|---|---|---|---|---|---|---|---|---|
| BOSNA HERSEK ANADOLU İMAM HATİP LİSESİ | BOSNA HERSEK ANADOLU İMAM HATİP LİSESİ | 24.08.2025 | 2 | 10355161 | 12.05.2026 | 27.04.2026 | 27.04.2026 | 26.08.2025 | Books |